000 01481nam a2200337 i 4500
001 000026301
003 DO-SdBNP
005 20250812133113.0
007 ta
008 110310s2005 dr r 000 0 spa d
020 _a9993479527
040 _aDO-SdBNP
_bspa
_cBNPHU
_erda
041 _aspa
082 4 _a923.1
_bG861g
_222
100 1 _aGrimaldi Silié, Eleanor,
_d1948-
_eautor
_4aut.
_985713
245 1 0 _aGobernantes y presidentes de nuestro territorio /
_cEleanor Grimaldi Silié, Dennis R. Simó.
264 1 _aSanto Domingo, República Dominicana :
_bEditora Búho,
_c2005.
300 _a112 páginas ;
_c23 cm.
336 _atexto
_btxt
_2rdacontent
337 _asin mediación
_bn
_2rdamedia
338 _avolumen
_bnc
_2rdacarrier
500 _aIncluye datos biográficos de los autores en la solapa de la contracubierta.
504 _aBibliografías : páginas 111-112
505 _aIntroducción--
_tGobernantes de la Isla de Sato Domingo y del territorio nacional (1492-2004) --
_tBreve biografía y características de sus gobiernos y de los gobernantes a partir de la Primera República--
_tBreve biografía de los vicepresidentes de la República Dominicana.
590 _aInventariado, 2025/BT
650 4 _aPresidentes
_zRepública Dominicana
_xBiografías
_91790
650 4 _aPresidentes
_zRepública Dominicana
_xHistoria
_96913
700 1 _aSimó, Dennis R.,
_eautor
_4aut.
_914023
910 _aValidado. Control de Calidad/MAA
942 _2ddc
_cLBS1
999 _c25793
_d25793